书目信息 |
| 题名: |
空间构成与造型
|
|
| 作者: | 段邦毅 主编 | |
| 分册: | ||
| 出版信息: | 北京 中国电力出版社 2008.8 |
|
| 页数: | 141页 | |
| 开本: | 26cm | |
| 丛书名: | ||
| 单 册: | ||
| 中图分类: | TU206 | |
| 科图分类: | ||
| 主题词: | 薄壳结构 | |
| 电子资源: | ||
| ISBN: | 978-7-5083-6139-0 | |
| 000 | 00794nam0 2200229 450 | |
| 001 | 0400002620 | |
| 005 | 20171021124919.0 | |
| 010 | @a978-7-5083-6139-0@b@dCNY38.00 | |
| 100 | @a20171021e20172008em y0chiy0110 ea | |
| 101 | 0 | @achi |
| 102 | @aCN@b110000@2GB2260 | |
| 105 | @ay z 000yy | |
| 106 | @ar | |
| 200 | 1 | @a空间构成与造型@9kong jian gou cheng yu zao xing@f段邦毅编著 |
| 210 | @a北京@c中国电力出版社@d2008.8@h2017.7 | |
| 215 | @a141页@d26cm | |
| 330 | @a本书主要阐述的是环境艺术设计专业中空间构成和空间造型方面的基础知识。本书结合我国环境艺术设计专业的实际情况,首先就空间理论作了系统的介绍,并在此基础上增强创意技能训练。 | |
| 606 | 0 | @a薄壳结构 |
| 690 | @aTU206@v4 | |
| 701 | 0 | @a段邦毅@9duan bang yi@4主编 |
| 801 | 0 | @aCN@b91MARC@c20171021 |
| 905 | @b1032490-4@dTU206@f5@e1140 | |
| 空间构成与造型/段邦毅编著.-北京:中国电力出版社,2008.8(2017.7) |
| 141页;26cm |
| ISBN 978-7-5083-6139-0:CNY38.00 |
| 本书主要阐述的是环境艺术设计专业中空间构成和空间造型方面的基础知识。本书结合我国环境艺术设计专业的实际情况,首先就空间理论作了系统的介绍,并在此基础上增强创意技能训练。 |
| ● |
| 相关链接 |
|
|
|
|
正题名:空间构成与造型
索取号:TU206/1140
 
预约/预借
| 序号 | 登录号 | 条形码 | 馆藏地/架位号 | 状态 | 备注 |
| 1 | 1032490 | 210324905 | 第二样本阅览室/ [索取号:TU206/1140] | 在馆 | |
| 2 | 1032491 | 210324914 | 密集书库-生命科学系/ [索取号:TU206/1140] | 在馆 | |
| 3 | 1032492 | 210324923 | 第三借阅区/ [索取号:TU206/1140] | 在馆 | |
| 4 | 1032493 | 210324932 | 第三借阅区/ [索取号:TU206/1140] | 在馆 | |
| 5 | 1032494 | 210324941 | 第三借阅区/ [索取号:TU206/1140] | 在馆 |